| 000 | 01041nam a2200277 a 4500 | ||
|---|---|---|---|
| 001 | |||
| 003 | DO-SdBNP | ||
| 005 | 20211129123522.0 | ||
| 008 | 190207s2016 dr 000 0 spa d | ||
| 020 | _a9789945167658 | ||
| 040 |
_aDO-SdBNP _bspa _cBPMSU |
||
| 082 |
_a378 _bI66i 2016 _222 |
||
| 245 | 0 | 0 |
_aInnovación interamericana en educación superior. / _cCompiladores Patricia Gudiño, Miguel J. Escala. |
| 260 |
_aSanto Domingo : _bOrganización Universitaria Interamericana, _c2016. |
||
| 300 |
_a334 p. ; _c22 cm. |
||
| 504 | _aBibliografía : p. 325-326 | ||
| 590 | _aInventariado, 2021/VM | ||
| 650 | 4 |
_aInnovación educativa _zAmérica Latina _vCongresos, conferencias, etc. |
|
| 650 | 4 |
_aEducación superior _xAmérica Latina _vCongresos, conferencias, etc. |
|
| 650 | 4 |
_aPolítica educativa _zAmérica Latina _vCongresos, conferencias, etc. |
|
| 700 | 1 |
_aEscala, Miguel J. _ecomp. |
|
| 700 | 1 |
_aGudiño, Patricia _ecomp. |
|
| 710 | 2 | _aOrganización Universitaria Interamericana | |
| 910 | _aVMateo V. | ||
| 942 |
_2ddc _cBK |
||
| 999 |
_c13910 _d13910 |
||